000 00298nam a22001217a 4500
008 181101b xxu||||| |||| 00| 0 eng d
041 _aeng
080 _a710
100 _a45
101 _aART
245 _aA Guide To The Collection Museum OF Fine Arts Boston
_cGilian,M
942 _2udc
_cBK
999 _c51556
_d51556